000 01074cgm a2200277 4500
001 J850
008 090401t1992 xxu||||| |||| 00| 0 eng d
035 _a(Sirsi) u91666
041 _aeng
050 _a364.4
100 _aTuffin, David
245 _aCrime prevention of property.
260 _aLondon
_bRoyal Institution of Chartered Surveyors
_c1992
300 _a1 sound cassette (60 min.)
350 _a0
490 _aOwlion Audio Programme
520 _aThis programme examines the broad spectrum of crime involving residential and commercial buildings, areas of vulnerability, proven means of protecting property and the positive actions that may be taken by those in the construction and property industries to counter the incidence of property associated crimes.
650 _aCRIME PREVENTION
690 _aBUILDING AND CONSTRUCTION-SECURITY
700 _aWareham, Brian
700 _aWhite, John
710 _aRoyal Institution of Chartered Surveyors
_94900
710 _aCollege of Estate Management
_9400
942 _n0
948 _c04/03/1997
999 _c85383
_d85383